Medical Surgical Nursing : Volume 1 (Record no. 159160)

MARC details
000 -LEADER
fixed length control field 00388nam a2200145Ia 4500
008 - FIXED-LENGTH DATA ELEMENTS--GENERAL INFORMATION
fixed length control field 230519s9999 xx 000 0 und d
020 ## - INTERNATIONAL STANDARD BOOK NUMBER
International Standard Book Number 978-93-5152-407-6
041 ## - LANGUAGE CODE
Language code of text/sound track or separate title eng
082 ## - DEWEY DECIMAL CLASSIFICATION NUMBER
Classification number MS/610.7361/BAS/DB0344
100 ## - MAIN ENTRY--PERSONAL NAME
Personal name Basavanthappa BT
245 ## - TITLE STATEMENT
Title Medical Surgical Nursing : Volume 1
260 ## - PUBLICATION, DISTRIBUTION, ETC. (IMPRINT)
Name of publisher, distributor, etc. Jaypee Brothers
Place of publication, distribution, etc. New Delhi
Date of publication, distribution, etc. 2015
300 ## - PHYSICAL DESCRIPTION
Extent 772
Holdings
Withdrawn status Lost status Damaged status Not for loan Collection code Home library Current library Date acquired Cost, normal purchase price Bill number Total Checkouts Full call number Barcode Checked out Date last seen Date last checked out Bill Date Koha item type Original Barcode Total Renewals
        MS Smt. Bakul Tambat Institute of Nursing Education Smt. Bakul Tambat Institute of Nursing Education 19/06/2015 565.00 79 7 MS 610.7361 BAS DB0344 BTIN-DB-344 01/06/2026 08/05/2026 08/05/2026 20/05/2015 Donated Book DB0344  
        MS Smt. Bakul Tambat Institute of Nursing Education Smt. Bakul Tambat Institute of Nursing Education 19/06/2015 565.00 79 4 MS 610.7361 BAS DB0345 BTIN-DB-345 01/06/2026 08/05/2026 08/05/2026 20/05/2015 Donated Book DB0345 1